000 00414nam a2200169Ia 4500
008 230524s9999 xx 000 0 und d
020 _a9788131509814
082 _a174.4
_bWEI
100 _aJoseph W.Weiss
245 0 _aBusiness Ethics: Concepts and Cases
250 _aIST
260 _aNEW DELHI
_bCengage
_c2009
300 _aVI;369
500 _aQuantity Number: 2
650 _aManagement
942 _cBK
999 _c45095
_d45095